00392nam a2200121Ia 4500008004100000245012900041260001700170260000900187300000900196650002300205650001200228856003000240170516s9999 xx 000 0 und d aNovel Cs-Based Upconversion Nanoparticles as Dual-Modal CT and UCL Imaging Agents for Chemo-Photothermal Synergistic Therapy bTheranostics c2016 a6:10 xMedical Technology xMedtech uhttp://www.thno.org/v6i10